000
00310nam a2200133Ia 4500
008
190216s9999||||xx |||||||||||||| ||und||
100
_a
Arrikr
245
0
_a
Essentials Of Nuclear Chemistry
250
_a
1st Ed.
260
_b
Wiley Eastern Ltd
300
_a
334
650
_a
Chemistry-Chemistry
942
_c
BK
999
_c
2464
_d
2464